000
00284nam a2200109 4500
008
160629b xxu||||| |||| 00| 0 eng d
100
_9
1313
_a
Shah, N.M
245
_a
Introduction to Statistics
260
_a
N.D
_b
Arya
_c
2005
300
_a
Introduction to Statistics
942
_2
ddc
_c
BK
999
_c
1075
_d
1075